Les joueurs qui n’ont pas joués en équipe de France - Statistiques

Statistiques générales
  • Ce quiz a été pris 204 fois
  • Le résultat moyen est 6 sur 15
Answers on the Grid
Answers color-coded by a green-red scale on the quiz's grid according to % correct below.
Benjamin André
Jonathan Ikoné
Benjamin Lecomte
Alassane Pléa
Benoit Costil
Moussa Dembele
Alban Lafont
Lucas Tousart
Ruben Aguilar
Jean-Philippe Mateta
Nordi Mukiele
Paul Bernardoni
Adrien Truffert
Tiemoue Bakayoko
Mohamed Simakan
Houssem Aouar
Aimeric Laporte
Sebastien Corchia
Quentin Merlin
Allan Saint-Maximin
Teji Savanier
Valentin Rongier
Wissam Ben Yedder
Malo Gusto
Alexandre Lacazette
Nicolas Pallois
Castello Lukeba
Benoît Badiashile
Brice Samba
Lucas Chevalier
 
Statistiques - réponses
Réponse % Correct
Benjamin André
82%
Paul Bernardoni
50%
Teji Savanier
50%
Nicolas Pallois
47%
Lucas Tousart
46%
Moussa Dembele
45%
Jean-Philippe Mateta
41%
Quentin Merlin
40%
Allan Saint-Maximin
39%
Valentin Rongier
38%
Alban Lafont
34%
Mohamed Simakan
34%
Aimeric Laporte
32%
Benjamin Lecomte
31%
Lucas Chevalier
23%
Aucun quiz correspondant
Distribution des résultats
% des personnes avec chaque résultat
Percentile par nombre de réponses
Votre historique - résultats
Vous n’avez pas pris ce quiz